first 30 names in Harry potter & the Half Blood Prince - Statistics

General Stats
  • This quiz has been taken 398 times
  • The average score is 23 of 30
Answer Stats
Hint Answer % Correct
Dad of Draco Lucius
94%
Mum of Draco Narcissa
94%
Aunt Of Draco Bellatrix
93%
Formerly scabbers Wormtail
92%
Former Minister of Magic Fudge
91%
Harry's Mum Lily
91%
Warewolf Greyback
88%
Harry
88%
Dumbledore
87%
Headmaster of Durmstrang Karkaoff
87%
House Elf Kreacher
86%
Former High Inquisitor Dolores Umbridge
85%
Defence Against dark teacher In The Philosophers stone Quirrell
84%
The New Minister of Magic Rufus Scrimgeour
84%
Severus Snape
82%
Auror guarding the muggle Prime Minister Kingsley Shacklebolt
81%
Hermione
79%
Sirius
70%
You Know Who
68%
Aunt Petunia
67%
Dudley
67%
Uncle Vernon
67%
Herbert Chorley Herbert Chorley
63%
Death Eater and future Head of the Department of Magical Law Enforcement Yaxley
63%
Former teacher Horace Slughorn
61%
Draco
57%
On the Wizengamot, presided over the disciplinary hearing of Harry Amelia Bones
54%
Hagrid
48%
member of the Advance Guard in the previous book Emmeline Vance
45%
Death Eater present at Battle of the Department of Mysteries Avery
40%
No matching quizzes found
Score Distribution
Percent of People with Each Score
Percentile by Number Answered
Your Score History
You have not taken this quiz